| 000 | 00738nam a2200217 a 4500 | ||
|---|---|---|---|
| 001 | 000042211 | ||
| 003 | OSt | ||
| 005 | 20201106080132.0 | ||
| 007 | ta | ||
| 008 | 131119s2011 dr ad 000 0 spa d | ||
| 040 |
_aDO-SdBNP _bspa _cBNPHU |
||
| 041 | _hspa | ||
| 100 | 1 |
_aDíaz Esteves, José V. _969230 |
|
| 245 | 1 | 0 |
_aPOMA 3 : _banálisis de sus aplicaciones en el MESCYT desde el 2007 al 2011 / _cJosé V. Díaz Esteves. |
| 260 |
_aSanto Domingo : _bMinisterio de Educación Superior Ciencia y Tecnología, _c[2011]. |
||
| 300 |
_a342 p. : _bil., gráf. ; _c28 cm. |
||
| 490 | 1 |
_aCol. Humanidades , _ainvestigación ; _v4 |
|
| 504 | _aBibliografía : p. 339-341 | ||
| 830 | 0 |
_aHumanidades _pinvestigación _v4 _969231 |
|
| 942 |
_2ddc _cLBS1 |
||
| 999 |
_c41700 _d41700 |
||